[Event "5MCR_4D_2L_4S"]
[Site "?"]
[Date "2002.??.??"]
[Round "?"]
[White "Veselsky, Michal"]
[Black "Martinec, Tomas"]
[Result "1/2-1/2"]
[WhiteElo "1870"]
[BlackElo "2000"]
[PlyCount "73"]
[EventDate "2002.??.??"]
[EventType "corr"]
[SourceDate "2004.??.??"]

1. e4 d6 2. d4 Nf6 3. Nc3 g6 4. f4 Bg7 5. Nf3 c5 6. dxc5 Qa5 7. Bd3 Qxc5 8. Qe2
Bg4 9. Be3 Qa5 10. O-O Nc6 11. h3 Bxf3 12. Qxf3 O-O 13. a3 Nd7 14. Bd2 Qb6+ 15.
Kh1 Nc5 16. Rab1 Nxd3 17. cxd3 f5 18. Nd5 Qb3 19. Bc3 e6 20. Bxg7 Kxg7 21. Ne3
Rac8 22. Qe2 d5 23. Rbc1 dxe4 24. dxe4 fxe4 25. Rc3 Nd4 26. Qd2 Qb6 27. Nc4 Qd8
28. Rd1 Nb5 29. Qc1 Qf6 30. Rb3 a6 31. a4 Rc5 32. Rb4 Kg8 33. Qe3 Rd5 34. Rxd5
exd5 35. axb5 dxc4 36. bxa6 bxa6 37. Qxe4 1/2-1/2

[Event "5MCR_4D_2L_4S"]
[Site "?"]
[Date "2002.??.??"]
[Round "?"]
[White "Veselsky, Michal"]
[Black "Panuska, Vladimir"]
[Result "1-0"]
[WhiteElo "1870"]
[BlackElo "1800"]
[PlyCount "77"]
[EventDate "2002.??.??"]
[EventType "corr"]
[SourceDate "2004.??.??"]

1. e4 e5 2. Nf3 Nc6 3. Bb5 Nd4 4. Nxd4 exd4 5. O-O c6 6. Bc4 Nf6 7. Re1 d6 8.
c3 Ng4 9. Qe2 Be7 10. cxd4 O-O 11. h3 Nf6 12. Bb3 Qb6 13. Qd3 Bd7 14. Nc3 Rad8
15. d5 Rfe8 16. dxc6 bxc6 17. Qe3 c5 18. d3 Be6 19. Bxe6 fxe6 20. b3 Nd7 21.
Bb2 Rf8 22. Rad1 Qa5 23. d4 cxd4 24. Qxd4 Ne5 25. Kh1 Bf6 26. Qd2 Nc6 27. f3
Be5 28. Qe2 Rc8 29. Na4 Bg3 30. Rf1 Qg5 31. Bc1 Qh5 32. Nc3 Qe5 33. Nb5 Nb4 34.
Nxa7 Rc2 35. Rd2 Rxd2 36. Bxd2 Qb2 37. Qd1 Nxa2 38. Nc6 Qe5 39. Nxe5 1-0

[Event "5MCR_4D_2L_4S"]
[Site "?"]
[Date "2002.??.??"]
[Round "?"]
[White "Veselsky, Michal"]
[Black "Portych, Vaclav"]
[Result "1/2-1/2"]
[WhiteElo "1870"]
[BlackElo "2040"]
[PlyCount "74"]
[EventDate "2002.??.??"]
[EventType "corr"]
[SourceDate "2004.??.??"]

1. e4 c5 2. Nf3 Nc6 3. c3 Nf6 4. e5 Nd5 5. d4 cxd4 6. Bc4 Nb6 7. Bb3 dxc3 8.
Nxc3 e6 9. Nb5 Bb4+ 10. Bd2 Bxd2+ 11. Qxd2 O-O 12. a4 a5 13. O-O f6 14. exf6
Rxf6 15. Nd6 Nb4 16. Ne5 N6d5 17. Ng4 Rf8 18. Ne3 Nf4 19. Rad1 b6 20. Nxc8 Rxc8
21. Qxd7 Qf6 22. Ng4 Qg6 23. f3 h5 24. Ne3 Nbd5 25. Bxd5 exd5 26. g3 Rcd8 27.
Qb5 h4 28. Ng4 hxg3 29. hxg3 Nh5 30. Rxd5 Nxg3 31. Rfd1 Rde8 32. Rg5 Ne2+ 33.
Kh2 Qh7+ 34. Rh5 Qc2 35. Qd5+ Rf7 36. Rh8+ Kxh8 37. Qxf7 Nd4+ 1/2-1/2

[Event "5MCR_4D_2L_4S"]
[Site "?"]
[Date "2002.??.??"]
[Round "?"]
[White "Veselsky, Michal"]
[Black "Zitek, Miroslav"]
[Result "1-0"]
[WhiteElo "1870"]
[BlackElo "2000"]
[PlyCount "101"]
[EventDate "2002.??.??"]
[EventType "corr"]
[SourceDate "2004.??.??"]

1. e4 d6 2. d4 Nf6 3. Nc3 g6 4. f4 Bg7 5. Nf3 O-O 6. Be3 c6 7. Bd3 Na6 8. Qd2
Ng4 9. Bg1 Nb4 10. h3 Nh6 11. g4 Kh8 12. Be2 d5 13. e5 f6 14. Be3 Nf7 15. O-O-O
Qa5 16. Kb1 Bd7 17. Rdg1 f5 18. g5 Nd8 19. h4 Be8 20. h5 gxh5 21. Ne1 Kg8 22.
Bxh5 Bg6 23. Rh3 Ne6 24. a3 Na6 25. Rgh1 Kf7 26. Nf3 Rh8 27. Qe2 Nf8 28. Bxg6+
Nxg6 29. Rxh7 e6 30. Rxh8 Rxh8 31. Rxh8 Bxh8 32. Qh2 Kg8 33. Qh5 Nf8 34. Bf2
Qc7 35. g6 Qg7 36. Nh4 Qd7 37. Ne2 c5 38. Ng3 Qb5 39. Nhxf5 exf5 40. Be1 Qe8
41. Nxf5 Nc7 42. Nh6+ Kg7 43. Nf7 Nxg6 44. Nd6 Qf8 45. Nf5+ Kf7 46. Qh7+ Bg7
47. Nd6+ Ke7 48. Qxg6 Kd7 49. Nxb7 Ne6 50. Nxc5+ Nxc5 51. dxc5 1-0

[Event "5MCR_4D_2L_4S"]
[Site "?"]
[Date "2002.??.??"]
[Round "?"]
[White "Zitek, Miroslav"]
[Black "Chvojka, Jaroslav"]
[Result "1-0"]
[WhiteElo "2000"]
[BlackElo "2125"]
[PlyCount "103"]
[EventDate "2002.??.??"]
[EventType "corr"]
[SourceDate "2004.??.??"]

1. d4 Nf6 2. c4 e6 3. Nc3 Bb4 4. Bg5 c5 5. Nf3 O-O 6. e3 cxd4 7. exd4 h6 8. Bf4
d5 9. Rc1 Nc6 10. Bd3 Qa5 11. Qd2 Ne4 12. Bxe4 dxe4 13. Ne5 Nxe5 14. Bxe5 f6
15. Bg3 Bxc3 16. Rxc3 Qxa2 17. O-O b5 18. cxb5 Bb7 19. Rfc1 Rac8 20. Bf4 Qd5
21. Rc5 Qd7 22. Rc7 Rxc7 23. Rxc7 Qxb5 24. Bxh6 Rf7 25. Rxf7 Kxf7 26. Be3 g5
27. Qc3 Qd7 28. h3 Bd5 29. Qc5 Qb7 30. b4 a6 31. Kh2 Qa8 32. Qd6 Kg6 33. h4 Qh8
34. Qxa6 Qxh4+ 35. Kg1 Qh5 36. Qa4 Qh7 37. Qe8+ Qf7 38. Qc8 f5 39. Bc1 f4 40.
b5 Bb7 41. Qd8 e3 42. fxe3 f3 43. e4 f2+ 44. Kf1 g4 45. Qg5+ Kh7 46. Qxg4 Kh8
47. Bf4 Kh7 48. Be5 Kh6 49. Qh4+ Qh5 50. Qf4+ Kh7 51. Kxf2 Kg8 52. Qg3+ 1-0

[Event "5MCR_4D_2L_4S"]
[Site "?"]
[Date "2002.??.??"]
[Round "?"]
[White "Zitek, Miroslav"]
[Black "Cihal, Jan"]
[Result "0-1"]
[WhiteElo "2000"]
[BlackElo "2020"]
[PlyCount "114"]
[EventDate "2002.??.??"]
[EventType "corr"]
[SourceDate "2004.??.??"]

1. d4 d5 2. c4 c6 3. Nc3 Nf6 4. e3 Bf5 5. Nf3 e6 6. Qb3 Qc7 7. Bd2 Nbd7 8. Rc1
Qb6 9. Qxb6 axb6 10. Nh4 Bg6 11. Nxg6 hxg6 12. a3 dxc4 13. Bxc4 b5 14. Be2 b4
15. axb4 Bxb4 16. O-O Ke7 17. Ra1 e5 18. dxe5 Nxe5 19. e4 Bc5 20. Bg5 Ke6 21.
Rac1 Bd4 22. Bxf6 gxf6 23. Rfd1 Rad8 24. Rc2 Rd7 25. g3 f5 26. Kg2 fxe4 27.
Nxe4 Kf5 28. Nc5 Bxc5 29. Rxc5 Rxd1 30. Bxd1 b6 31. Rc3 c5 32. Rb3 Rb8 33. h4
b5 34. Rc3 c4 35. Bc2+ Ke6 36. f4 Nc6 37. g4 Nd4 38. Bb1 f5 39. Re3+ Kd6 40.
gxf5 gxf5 41. Kf2 Rh8 42. Rh3 Rh5 43. Rh2 Kc5 44. Rh1 b4 45. Rh2 b3 46. Kg3 Nb5
47. Rd2 c3 48. bxc3 Nxc3 49. Bd3 Ne4+ 50. Bxe4 fxe4 51. Kg4 Rh8 52. Rd1 Rg8+
53. Kh5 Kc4 54. f5 e3 55. f6 e2 56. Rb1 b2 57. f7 Rc8 0-1

[Event "5MCR_4D_2L_4S"]
[Site "?"]
[Date "2002.??.??"]
[Round "?"]
[White "Zitek, Miroslav"]
[Black "Jina, Jiri"]
[Result "0-1"]
[WhiteElo "2000"]
[BlackElo "2185"]
[PlyCount "60"]
[EventDate "2002.??.??"]
[EventType "corr"]
[SourceDate "2004.??.??"]

1. d4 d5 2. c4 c6 3. Nc3 e6 4. Nf3 Nf6 5. Bg5 dxc4 6. e4 b5 7. e5 h6 8. Bh4 g5
9. Nxg5 hxg5 10. Bxg5 Be7 11. Bxf6 Bxf6 12. exf6 Qxf6 13. g3 Na6 14. Ne4 Qe7
15. Qf3 f5 16. Nc5 Nxc5 17. Qxc6+ Nd7 18. Qxa8 Qb4+ 19. Kd1 Qxb2 20. Rc1 Qxd4+
21. Ke1 Ke7 22. Rd1 Qc3+ 23. Rd2 Qb4 24. a3 Qxa3 25. Qc6 c3 26. Rd1 Kf6 27. Qd6
Qxd6 28. Rxd6 b4 29. h4 Bb7 30. Rg1 Nc5 0-1

[Event "5MCR_4D_2L_4S"]
[Site "?"]
[Date "2002.??.??"]
[Round "?"]
[White "Zitek, Miroslav"]
[Black "Marecek, Vladislav"]
[Result "0-1"]
[WhiteElo "2000"]
[BlackElo "1800"]
[PlyCount "60"]
[EventDate "2002.??.??"]
[EventType "corr"]
[SourceDate "2004.??.??"]

1. d4 Nf6 2. c4 g6 3. Nc3 Bg7 4. e4 d6 5. Nf3 O-O 6. Bd3 e5 7. d5 a5 8. O-O Na6
9. a3 Nc5 10. Bc2 Ne8 11. Be3 f5 12. exf5 gxf5 13. Qe2 Qe7 14. b4 Nd7 15. Bg5
Qf7 16. Bd2 h6 17. bxa5 Nc5 18. Ne1 Rxa5 19. Nd3 Nxd3 20. Qxd3 Nf6 21. Nb5 Ra8
22. Rab1 Ne4 23. Bb4 Kh8 24. f3 Nf6 25. c5 Nxd5 26. cxd6 Nxb4 27. Rxb4 cxd6 28.
Nxd6 Qc7 29. Rd1 Be6 30. Kh1 Rfd8 0-1

[Event "5MCR_4D_2L_4S"]
[Site "?"]
[Date "2002.??.??"]
[Round "?"]
[White "Zitek, Miroslav"]
[Black "Olsovsky, Josef"]
[Result "1/2-1/2"]
[WhiteElo "2000"]
[BlackElo "1800"]
[PlyCount "82"]
[EventDate "2002.??.??"]
[EventType "corr"]
[SourceDate "2004.??.??"]

1. d4 d5 2. c4 e6 3. Nc3 c6 4. Nf3 f5 5. Bg5 Nf6 6. e3 Bd6 7. Bd3 O-O 8. O-O
Qe8 9. c5 Be7 10. b4 Nbd7 11. b5 Ne4 12. Bxe7 Qxe7 13. Qb3 Kh8 14. Rab1 g5 15.
Rfd1 g4 16. Ne1 Qf6 17. Ne2 e5 18. Qb2 exd4 19. exd4 Rg8 20. Nf4 Nf8 21. Bf1
Ne6 22. Nxe6 Bxe6 23. bxc6 bxc6 24. Rd3 f4 25. Rb3 Raf8 26. f3 Ng5 27. Qd2 h5
28. R1b2 Bc8 29. Kh1 Rg7 30. Qd1 Rfg8 31. Rb8 Kh7 32. a3 Re7 33. Re2 Rxe2 34.
Bxe2 g3 35. Ra8 Qe7 36. Nd3 Nf7 37. Qe1 Qh4 38. Qg1 Re8 39. Rxa7 Kg8 40. Ra8
Rxe2 41. Rxc8+ Kg7 1/2-1/2

[Event "5MCR_4D_2L_4S"]
[Site "?"]
[Date "2002.??.??"]
[Round "?"]
[White "Zitek, Miroslav"]
[Black "Rubes, Zdenek"]
[Result "1/2-1/2"]
[WhiteElo "2000"]
[BlackElo "2075"]
[PlyCount "77"]
[EventDate "2002.??.??"]
[EventType "corr"]
[SourceDate "2004.??.??"]

1. d4 Nf6 2. c4 g6 3. Nc3 Bg7 4. e4 d6 5. Nf3 O-O 6. Bd3 e5 7. d5 a5 8. O-O Na6
9. a3 Nh5 10. Bg5 Qe8 11. h3 f5 12. exf5 gxf5 13. Be2 Nf6 14. b4 e4 15. Nd4 Qe5
16. g3 Nh5 17. Bxh5 Qxd4 18. Qxd4 Bxd4 19. Rfc1 Kg7 20. Ra2 axb4 21. axb4 Rb8
22. Ra4 Bd7 23. Nb5 Be5 24. Re1 c5 25. dxc6 Bxc6 26. Be7 Rfc8 27. Rd1 Nc7 28.
Bxd6 Bxd6 29. Rxd6 Nxb5 30. cxb5 Bxb5 31. Ra5 Rc1+ 32. Kg2 Bc6 33. Re5 Rb1 34.
Re7+ Kg8 35. Rf6 Rf8 36. Rh6 Ra8 37. Rhxh7 Raa1 38. Rhg7+ Kh8 39. Rh7+ 1/2-1/2